Przekraczanie granic #1 - Statystyki

Ogólne statystyki
  • Ten quiz został rozwiązany 53 razy
  • Średni wynik to 12 z 15
Statystyki odpowiedzi
Zaczynasz w i jedziesz w kierunku : Kraj do którego dotrzesz % Poprawnych
Andora - Południe Hiszpania
100%
Portugalia - Wschód Hiszpania
100%
Kanada - Południe Usa
100%
Luksemburg - Południe Francja
95%
Korea Północna - Północny Wschód Rosja
95%
Niemcy - Zachód Luksemburg/Belgia
90%
Jemen - Wschód Oman
88%
Pakistan - Zachód Iran
83%
Laos - Wschód Wietnam
83%
Angola - Północ Demokratyczna Republika Konga
81%
Wenezuela - Wschód Gujana
81%
Jordania - Północ Syria
81%
Malezja - Północ Tajlandia
79%
Burkina Faso - Północ/Zachód Mali
69%
Australia - Dowolny Kierunek Nigdzie nie dotrzesz
2%
Nie znaleziono quizów pasujących do podanych kryteriów
Rozkład punktacji
Procent ludzi z każdym wynikiem
Percentyl według liczby udzielonych odpowiedzi
Twoja historia wyników
Nie rozwiązałeś tego quizu